| 000 | 01389nam a22003737a 4500 | ||
|---|---|---|---|
| 001 | BR8201584 | ||
| 003 | BR-BrBNA | ||
| 005 | 20230928091300.0 | ||
| 007 | ta | ||
| 008 | 230509b bl.||||| |||| 00| 0 por d | ||
| 040 |
_aBR-BrBNA _bpor _cBiblioteca Nacional de Agricultura |
||
| 041 | _a(Por) | ||
| 072 |
_aF25; F60 _b0120 _b3820 _b3830 _b3810 |
||
| 090 | _ 0120 BR8201584 | ||
| 100 | 1 | _aCruz, A. de P. | |
| 110 | 1 |
_aEscola Superior de Agricultura Luiz de Queiroz, Piracicaba, SP (Brasil) _0Tese (Mestre em Solos e Nutricao de Plantas) |
|
| 245 | 1 | _aEfeito da nitrapirina (2-cloro-triclorometil piridina)e da ureia nas concentracoes de N do solo, de N, P. e K nas folhas e na producao do milho (Zea mays L.)[Nitrogenio; Fosforo; Potassio; Fertilizante] | |
| 246 | 1 | _aEffect of nitrapyrin and urea on soil contents of total nitrogen, on NPK concentration in the leaves and on corn (Zea mays L.)yield [Phosphorus; Potassium; Fertilizer] | |
| 260 | 3 |
_aPiracicaba, SP (Brasil): _c1982. |
|
| 300 | _a82 p. | ||
| 500 | _a8 tables; Bibliography p. 61-72 (85 ref.); Summaries (Eng, Por) | ||
| 650 | _aMILHO | ||
| 650 | _aNITROGENIO | ||
| 650 | _aFOSFORO | ||
| 650 | _aPOTASSIO | ||
| 650 | _aFERTILIZANTE | ||
| 650 | _aABSORCAO | ||
| 650 | _aFOLHA | ||
| 650 | _aNITRIFICACAO | ||
| 650 | _aUREIA | ||
| 650 | _aSOLO | ||
| 909 |
_a202309 _bLucia _c55 _dLucia Elande |
||
| 942 | _cBK | ||
| 999 |
_c33186 _d33186 |
||